00423nam a2200145Ia 450000500170000000800460001703700120006304000200007504100130009508400220010810000210013024500770015126000350022830000140026320250508151704.0008 250505s9999 xx 000 0 eng d aTextual aFEDLbengcFEDL aeng2eng a364.36, BETqFEDL aBettelheim Bruno 0aTruants from life : The rehabilitation of emotionally disturbed children aGlencoe bThe Free Pressc1955 axvi,511p.